| 000 | 00551nam a22001697a 4500 | ||
|---|---|---|---|
| 003 | LC | ||
| 005 | 20231107130410.0 | ||
| 008 | 151126b xxu||||| |||| 00| 0 eng d | ||
| 020 | _a9787561934043 | ||
| 050 |
_aTR IB PL 1129 _b.Y19 2012 |
||
| 100 | _aMa, Yamin | ||
| 245 |
_aEasy steps to chinese 6 teacher's book : _bsimplified characters version _cYamin Ma, Xinying Li |
||
| 260 |
_aBeijing : China _bBeijing Language and Culture University Press _c2012 |
||
| 300 |
_a250 pages., _bill.; _c28 cm. |
||
| 700 | _aLi, Xinying | ||
| 942 |
_2lcc _cBK |
||
| 999 |
_c288983 _d288983 |
||